師心我心: (Record no. 7709)

MARC details
000 -LEADER
fixed length control field 00762cam a22002532i 4500
001 - CONTROL NUMBER
control field CIP114015724
003 - CONTROL NUMBER IDENTIFIER
control field YEEZEN
005 - DATE AND TIME OF LATEST TRANSACTION
control field 20260413134854.0
008 - FIXED-LENGTH DATA ELEMENTS--GENERAL INFORMATION
fixed length control field 251028s2025 ch e 000 0 chi d
020 ## - INTERNATIONAL STANDARD BOOK NUMBER
International Standard Book Number 9786264176729
Qualifying information (平裝) :
Terms of availability NT$450
040 ## - CATALOGING SOURCE
Original cataloging agency CIP
Language of cataloging chi
Transcribing agency CIP
042 ## - AUTHENTICATION CODE
Authentication code nbic
084 ## - OTHER CLASSIFICATION NUMBER
Classification number 783.3886
Number source ncsclt
090 ## - LOCALLY ASSIGNED LC-TYPE CALL NUMBER (OCLC); LOCAL CALL NUMBER (RLIN)
Classification number (OCLC) (R) ; Classification number, CALL (RLIN) (NR) 783.3886
245 10 - TITLE STATEMENT
Title 師心我心:
Remainder of title 和信治癌中心醫院創辦人黃達夫醫師的醫者之心,傳承與創新 /
Statement of responsibility, etc. 黃達夫作; 傅士玲採訪整理
250 ## - EDITION STATEMENT
Edition statement 第一版
260 ## - PUBLICATION, DISTRIBUTION, ETC.
Place of publication, distribution, etc. 臺北市 :
Name of publisher, distributor, etc. 遠見天下文化,
Date of publication, distribution, etc. 2025.12.
300 ## - PHYSICAL DESCRIPTION
Extent 面 ;
Dimensions 公分
600 #7 - SUBJECT ADDED ENTRY--PERSONAL NAME
Source of heading or term lcstt
Personal name
Numeration 達夫
650 #7 - SUBJECT ADDED ENTRY--TOPICAL TERM
Source of heading or term lcstt
Topical term or geographic name entry element 醫師
650 #7 - SUBJECT ADDED ENTRY--TOPICAL TERM
Source of heading or term lcstt
Topical term or geographic name entry element 醫療服務
650 #7 - SUBJECT ADDED ENTRY--TOPICAL TERM
Source of heading or term lcstt
Topical term or geographic name entry element 傳記
942 ## - ADDED ENTRY ELEMENTS (KOHA)
Source of classification or shelving scheme 中文圖書分類法
Koha item type 一般圖書
Holdings
撤銷狀態 遺失狀態 分類號來源 損壞狀態 不外借 永久館藏地 現在館藏地 書架位置 採購日期 全部借出 完整索書號 條碼號 最後一次日期記錄 一般價格有效日期 Koha館藏類型 公開資訊
未註銷館藏 未遺失 中文圖書分類法 未損毀 可外借 怡仁綜合醫院圖書館 怡仁綜合醫院圖書館   2026-04-13   783.3886 C03292 2026-04-13 2026-04-13 一般圖書 **和信治癌中心醫院創辦人黃達夫醫師 選擇走一條人煙稀少的路 幸得十六位人生導師的足跡與背影相伴 典範如星辰照亮前路 抬頭永遠能看見光明就在不遠處
未註銷館藏 未遺失 中文圖書分類法 未損毀 可外借 怡仁綜合醫院圖書館 怡仁綜合醫院圖書館   2026-04-13   783.3886 C03293 2026-04-13 2026-04-13 一般圖書 **和信治癌中心醫院創辦人黃達夫醫師 選擇走一條人煙稀少的路 幸得十六位人生導師的足跡與背影相伴 典範如星辰照亮前路 抬頭永遠能看見光明就在不遠處
怡仁醫院| 地址:32643桃園市楊梅區楊新北路321巷30號 | 服務專線:03-4855566 | 電子郵件信箱:
Copyright © 1996 CHC Hospital